Interpretive ethnography : ethnographic practices for the 21st century

Αποθηκεύτηκε σε:
Λεπτομέρειες βιβλιογραφικής εγγραφής
Κύριος συγγραφέας: Denzin, Norman K.
Μορφή: Βιβλίο
Γλώσσα:English
Δημοσίευση: Thousand Oaks, Calif. : Sage Publications, c1997.
Θέματα:
Ετικέτες: Προσθήκη ετικέτας
Δεν υπάρχουν, Καταχωρήστε ετικέτα πρώτοι!

MARC

LEADER 00000cam a2200000 i 4500
001 1/315
008 000403s1997 cau| ||| |||| ||eng||
020 |a 0803972997 
035 |l 10059614 
040 |a GR-MyUa  |b gre  |e AACR2 
041 0 |a eng 
082 7 |a 305.8001   |2 (22) 
100 1 |a Denzin, Norman K. 
245 1 0 |a Interpretive ethnography :   |b ethnographic practices for the 21st century /   |c Norman K. Denzin. 
260 |a Thousand Oaks, Calif. :   |b Sage Publications,   |c c1997. 
300 |a 323 σ. ;   |c 24 εκ. 
504 |a Περιλαμβάνει βιβλιογραφικές παραπομπές. 
650 0 0 |a Ethnology  |x Philosophy. 
650 0 0 |a Ethnology  |x Authorship. 
650 0 0 |a Ethnology  |x Methodology. 
852 |a INST  |b LESVOS  |e 20000403  |h 305.8001 DEN  |p 005100024498  |q 005100024498  |t BK  |y 0 
901 |a BIBL1-2000-2 
922 |a 1ΕΛΗ  |b 200003  |c ΚΠΣ/ΤΚΑ  |d ΠΑΠΑΣΩΤΗΡΙΟΥ 
950 |a 117-1999-11-26 
970 |a ΤΖΑΦΕΡΗ  |b ΕΥΑΓΓΕΛΙΑ  |z 2000/04/09